000 00312nam a2200133Ia 4500
008 190216s9999||||xx |||||||||||||| ||und||
100 _aAyyappan Nair.G
245 0 _aCo-Operative Banking
250 _a1st Ed.
260 _bKerala Bhasha Institute
_c1985
300 _a168
650 _aEconomics
942 _cBK
999 _c40423
_d40423